000 00808cab a2200265 4500
001 ABS53056
008 090401t1995 xxu||||| |||| 00| 0 eng d
035 _a(Sirsi) u1626
041 _aeng
100 _aHann, R.
245 4 _aThe companies maze
260 _c1995
350 _a0
490 _aLaw Society`s Gazette
_v92(22) 7 June 1995, 19-21(3)
520 _aArgues that the Local Authorities (Companies) Order 1995 will hinder public/private sector partnerships due to its bureaucratic nature.
650 _aJOINT VENTURES
650 _aLOCAL AUTHORITIES (COMPANIES) ORDER 1995
650 _aLOCAL AUTHORITIES
650 _aPARTNERSHIPS
650 _aPRIVATE SECTOR
650 _aPUBLIC SECTOR
690 _aPROPERTY-PROPERTY FINANCE AND INVESTMENT
942 _n0
948 _c04/03/1997
999 _c925
_d925